00525nam a22001697a 450000500170000001000110001702000120002803500110004003700160005108200110006710000360007824500730011424600600018726000410024727000440028830000230033220200106130732.0 a790478 c7.00a- a790478 bDBAD/PUBa- a841.08 aصا لحہ عا بد حسين  aمير ا نيس سے تعا ر ف cصا لحہ عا بد حسين  bMeer Anees Se Taaruf (Urdu)aby Saleha Aabid Hussain  aDelhi bMaktaba Jamia Ltd. c1975 ء aUrdu Bazar Jama Masjid,bDelhie6k-l- a104 ص c22 Cm(Hb)